ARRUPE JESUIT UNIVERSITY

CORONAVIRUS -STOP THE SPREAD - CLEAN,DISINFECT,COVER

The Postconciliar Priest (Record no. 122205)

MARC details
000 -LEADER
fixed length control field 00500nam a22001337a 4500
008 - FIXED-LENGTH DATA ELEMENTS--GENERAL INFORMATION
fixed length control field 150226b xxu||||| |||| 00| 0 eng d
050 ## - LIBRARY OF CONGRESS CALL NUMBER
Classification number BX830.1962.A7T195
100 ## - MAIN ENTRY--PERSONAL NAME
Personal name Tartre, Raymond A.
9 (RLIN) 15575
245 ## - TITLE STATEMENT
Title The Postconciliar Priest
Remainder of title comments on some aspects of the decree on the ministry and life of Priests
Statement of responsibility, etc Raymond A. Tartre, S.S.S.
260 ## - PUBLICATION, DISTRIBUTION, ETC. (IMPRINT)
Place of publication, distribution, etc New York
Name of publisher, distributor, etc P.J. Kenedy and sons
Date of publication, distribution, etc 1966
300 ## - PHYSICAL DESCRIPTION
Extent viii, 172p ;
Dimensions 22cm.
650 ## - SUBJECT ADDED ENTRY--TOPICAL TERM
Topical term or geographic name as entry element Catholic Church
General subdivision Clergy
9 (RLIN) 15576
942 ## - ADDED ENTRY ELEMENTS (KOHA)
Source of classification or shelving scheme Library of Congress Classification
Item type Monograph ( Printed materials)
Holdings
Withdrawn status Lost status Source of classification or shelving scheme Damaged status Not for loan Collection code Home library Current library Shelving location Date acquired Total Checkouts Full call number Barcode Date last seen Price effective from Koha item type
    Library of Congress Classification     Main Collection ARRUPE LIBRARY ARRUPE LIBRARY Main Collection 26/02/2015   BX830.1962.A7T195 46500002832 22/11/2017 26/02/2015 Monograph ( Printed materials)

 

Arrupe Library. PO Box MP320 Mt Pleasant, Harare, Zimbabwe
263 242 745411|librarian@aju.ac.zw